Obálka Náhled e-knihy:
PDF Epub
Pro půjčování e-knih musíte být přihlášeni.
Jak si půjčit online?

Neodolateľná túžba podľahnúť svojmu nepriateľovi /

Osric Mordaunt, člen rádu Fyrenov a nájomný vrah potrebuje liečenie. Iróniou osudu jedinou osobou, ktorá mu môže pomôcť, je Aurienne Fairhrimová, vedkyňa, stelesnenie morálky a – členka nepriateľského rádu.Vynútená spolupráca geniálnej vedkyne a profesionálneho zabijaka privedie Aurienne k starým my...

Celý popis

Uloženo v:
Série:Láskyplne nenávistná duológia, část 1
Hlavní autor: Knightley, Brigitte (Autor)
Médium: E-kniha
Jazyk:Czech
Vydáno: Praha : Albatros Media Slovakia s.r.o., 2026
Příbuzné jednotky:Z cyklu:: Láskyplne nenávistná duológia
Tagy:
Žádné tagy
LEADER 01702nam a22002417i 4500
001 302745
007 ta
008 260514s2026 xr ||||| |||| 00| 0 cze d
020 |a 9788056651568 
044 |a xr 
100 1 |a  Knightley, Brigitte  |4 aut 
245 1 0 |a Neodolateľná túžba podľahnúť svojmu nepriateľovi /  |c  Knightley, Brigitte 
240 1 0 |a The Irresistible Urge to Fall for Your Enemy 
264 1 |a Praha :  |b Albatros Media Slovakia s.r.o.,  |c 2026 
300 |a 1 online zdroj (448 stran) 
336 |a text  |b txt  |2 rdacontent 
337 |a bez média  |b n  |2 rdamedia 
338 |a online zdroj  |b cr  |2 rdacarrier 
520 2 |a Osric Mordaunt, člen rádu Fyrenov a nájomný vrah potrebuje liečenie. Iróniou osudu jedinou osobou, ktorá mu môže pomôcť, je Aurienne Fairhrimová, vedkyňa, stelesnenie morálky a – členka nepriateľského rádu.Vynútená spolupráca geniálnej vedkyne a profesionálneho zabijaka privedie Aurienne k starým mystickým praktikám. Osric a Aurienne vyšetrujú opätovný výskyt tajomnej smrtiacej nákazy. Horlivo pri tom popierajú nákazu vzájomnej príťažlivosti, čo len zosilňuje iskrivé napätie medzi nimi. 
787 0 8 |g 1  |i Z cyklu:  |t Láskyplne nenávistná duológia 
910 |a RBIT002 
998 |d 427003  |a https://core.palmknihy.cz/api/books/427003/cover?tesgik  |b https://core.palmknihy.cz/api/books/427003/cover/400?tesgik  |c https://core.palmknihy.cz/api/books/427003/cover/50?tesgik  |e 2029-08-14  |g 448  |i 9788056651568  |j https://core.palmknihy.cz/api/books/427003/preview.epub  |k https://core.palmknihy.cz/api/books/427003/preview.pdf  |l   |q 49  |r 1  |s https://www.palmknihy.cz/kniha/427003  |t ebook  |y 2026  |z 1  |v Láskyplne nenávistná duológia  |w 1 
999 |d 302743